00262pam a2200109 a 4500020000500000041000800005082000800013100004000021245003600061260004200097300001300139 c aeng bHAM aHamilton nacy ,eLuttgens kathryn . aKinesiology hTextual Documents a[s.l]:bMcgraw hill Higher education  a620 pg .